000 00586nam a2200193 a 4500
001 000013572
005 20200929163256.0
008 091125s2003 pr 001 p spa d
020 _z0565815801
040 _aDO-SdBNP
_bspa
_cBNPHU
082 _aPR861.44
_bR621i
100 1 _aRivera, Etnairis,
_d1949-
_914411
245 1 0 _aIntervenidos /
_cEtnairis Rivera.
260 _aPuerto Rico :
_bInstituto de Cultura Puertorriqueña,
_c2003.
300 _a65 p. ;
_c21 cm.
650 4 _aPoesía puertorriqueña
_91015
650 4 _aLiteratura puertorriqueña
_ySIGLO XX
_95311
049 _aBNGR
999 _c13193
_d13193